|
|
|
|
| LEADER |
00707nab a2200181 i 4500 |
| 001 |
misc10806 |
| 005 |
20191106142310.0 |
| 008 |
170607s1934 hu o 0|| hun d |
| 022 |
|
|
|a 0025-0260
|
| 040 |
|
|
|a SZTE Miscellanea Repozitórium
|b hun
|
| 041 |
|
|
|a hun
|
| 100 |
1 |
|
|a Baranyai Erzsébet
|
| 245 |
1 |
2 |
|a A német neveléstudomány legújabb alakulása
|h [elektronikus dokumentum] /
|c Baranyai Erzsébet
|
| 260 |
|
|
|c 1934
|
| 300 |
|
|
|a 97-106
|
| 490 |
0 |
|
|a Magyar pedagógia : a Magyar Tudományos Akadémia Pedagógiai Bizottságának folyóirata
|v 43
|
| 695 |
|
|
|a Neveléstudomány német 20. sz., Német neveléstudomány
|
| 856 |
4 |
0 |
|u http://misc.bibl.u-szeged.hu/10806/1/mp_1934_3429_097-106.pdf
|z Dokumentum-elérés
|